[Event "Hannover Bezirks-ch B"]
[Site "Lehrte"]
[Date "2019.10.06"]
[Round "7.9"]
[White "Daehn, Patrick"]
[Black "Bulmahn, Aaron Aime"]
[Result "1/2-1/2"]
[WhiteElo "1533"]
[BlackElo "1545"]
[PlyCount "43"]
[EventDate "2019.10.03"]
[EventType "swiss"]
[EventRounds "7"]
[EventCountry "GER"]
[SourceTitle "EXT 2023"]
[Source "ChessBase"]
[SourceDate "2022.10.05"]
[SourceVersion "1"]
[SourceVersionDate "2022.10.05"]
[SourceQuality "1"]

1. b4 e6 2. Bb2 Nf6 3. a3 d5 4. e3 g6 5. g4 h6 6. h4 Bg7 7. Qf3 Rg8 8. g5 hxg5 9. hxg5 Nh5 10. Bxg7 Nxg7 11. Qf6 Qxf6 12. gxf6 Nh5 13. Nf3 Nxf6 14. Nc3 Bd7 15. 0-0-0 Nc6 16. Ng5 Ke7 17. Be2 Rh8 18. Nb5 Rxh1 19. Rxh1 a6 20. Nc3 Na7 21. Kb2 Nb5 22. Bxb5 1/2-1/2

[Event "Hannover-ch U14"]
[Site "Lehrte"]
[Date "2011.10.16"]
[Round "4"]
[White "Goehner, Stephan"]
[Black "Bulmahn, Aaron Aime"]
[Result "0-1"]
[WhiteElo "1122"]
[BlackElo "944"]
[PlyCount "73"]
[EventDate "2011.10.15"]
[EventType "swiss"]
[EventRounds "7"]
[EventCountry "GER"]
[SourceTitle "EXT 2021"]
[Source "ChessBase"]
[SourceDate "2020.10.23"]
[SourceVersion "1"]
[SourceVersionDate "2020.10.23"]
[SourceQuality "1"]

1. d4 d5 2. c4 Nf6 3. Bg5 Nc6 4. Nc3 dxc4 5. e3 e5 6. Bxf6 Qxf6 7. dxe5 Nxe5 8. Be2 Bb4 9. Qa4+ Nc6 10. Qc2 Ne5 11. a3 Bxc3+ 12. Qxc3 b5 13. h3 0-0 14. Nf3 Nxf3+ 15. Bxf3 Qxc3+ 16. bxc3 Rb8 17. 0-0 Bf5 18. Rfd1 Be6 19. Rd2 Rfd8 20. Rad1 Rxd2 21. Rxd2 c5 22. Kf1 a5 23. Ke1 b4 24. cxb4 axb4 25. axb4 cxb4 26. Be4 b3 27. Kd1 c3 28. Rd4 c2+ 29. Bxc2 bxc2+ 30. Kxc2 Rc8+ 31. Kd2 g6 32. f4 Bf5 33. e4 Be6 34. g4 Rc4 35. Rxc4 Bxc4 36. h4 f5 37. gxf5 0-1

[Event "Hannover-ch U14"]
[Site "Lehrte"]
[Date "2010.10.11"]
[Round "6"]
[White "Beyer, Maximilian"]
[Black "Bulmahn, Aaron Aime"]
[Result "1-0"]
[WhiteElo "810"]
[BlackElo "786"]
[PlyCount "39"]
[EventDate "2010.10.09"]
[EventType "swiss"]
[EventRounds "7"]
[EventCountry "GER"]
[SourceTitle "EXT 2021"]
[Source "ChessBase"]
[SourceDate "2020.10.23"]
[SourceVersion "1"]
[SourceVersionDate "2020.10.23"]
[SourceQuality "1"]

1. e4 e5 2. Nf3 Nc6 3. Nc3 Bb4 4. Bc4 Nf6 5. 0-0 Bxc3 6. bxc3 Nxe4 7. Qe2 Nf6 8. Nxe5 0-0 9. d4 Re8 10. Bxf7+ Kf8 11. Bxe8 Qxe8 12. Bf4 d6 13. Rae1 Bg4 14. f3 Bc8 15. Nxc6 Qxc6 16. Qe7+ Kg8 17. Bh6 gxh6 18. Qxf6 Bd7 19. Re7 Be6 20. Qg7# 1-0